000 03527nam0a2200409 4500
001 RU\NLR\BIBL_A\012879953
005 20221115150748.0
010 _a978-5-6047572-9-1
_9500
021 _aRU
_bКН-П-22-045083
_9КН-П-22-3893
035 _a(NLR Aleph) 012879953
035 _a(RuMoRGB)011137895
090 _a12516255
_c12516255
100 _a20220901d2022 k y0rusy50 ca
101 1 _arus
_cpol
102 _aRU
105 _aac||z|||000zy
181 0 _ai
_baxxe
182 0 _an
200 1 _aВ поисках своего Я
_eучастие национальной интеллигенции в возникновении этнической идентичности у башкир, бурят и татар
_eавторизированный перевод с польского
_fВойцех Зайончковский
_g[авт. послесловия: И. В. Кучумов]
_gМинистерство науки и высшего образования Российской Федерации, Институт этнологических исследований им. Р. Г. Кузеева - обособленное структурное подразделение ФГБНУ Уфимского федерального исследовательского центра Российской академии наук
203 _aТекст
_bвизуальный
_cнепосредственный
210 _aУфа
_cПервая типография
_d2022
215 _a238, [1] с.
_cил., портр., табл.
_d21
225 1 _aVolgo-Uralicа
_eKuzeev anthropological series
300 _aПер. изд.: W poszukiwaniu tożsamości społecznej / Wojciech Zajączkowski. - Lublin, 2001
300 _aНа 4-й с. обл. авт.: В. Зайончковский - д-р ист. наук
320 _aБиблиогр. в подстроч. примеч.
330 _aИсследование польского политолога, историка и дипломата посвящено анализу участия национальной интеллигенции в возникновении и развитии этнического самосознания у башкир, бурят и татар с конца XIX в. Изучение документов, интервью с общественными деятелями и учеными позволили автору сформулировать ряд теоретических выводов, касающихся практики межнациональных отношений в нашей стране. Книга предназначена для историков, этнологов, политологов, обществоведов
454 0 _12001#$aW poszukiwaniu tożsamości społecznej$fWojciech Zajączkowski
_1210##$aLublin$d2001
_1700#1$aZajączkowski$bW.$f1963-$gWojciech
_tW poszukiwaniu tożsamości społecznej
_aZajączkowski, Wojciech (1963-)
606 1 _aНациональная идентичность
_yРоссийская Федерация
_92393525
_3RU\NLR\AUTH\661427200
606 1 _aИнтеллигенция
_yРоссийская Федерация
_92085056
_3RU\NLR\AUTH\661261160
686 1 _aТ3(2)74-72
686 1 _aТ3(2)74-293
700 1 _aЗайончковский
_bВ. Я.
_f1963-
_gВойцех Яцек
942 _cBOOK
980 _aNB